000 00592nam a2200157 a 4500
008 120416s1987 ||||||||||||||||| || u
050 _aHB 172.5 Glo
100 _aBryant, Ralph C
245 1 0 _aGlobal macroeconomics
_cedited by Ralph C. Bryant
246 _apolicy conflict and cooperation
260 _aLondon
_bMacMillan Press
_c1987
300 _axix, 347p. : ill.
350 _a0.00
700 _aPortes, Richard
995 _D0.00
_FCBU-MAIN LIBRARY (Kitwe)
_H1
_I15.95
_M1
_UAVAILABLE
_WOct 17, 2006
_ZAnnex Low-Usage Collection
999 _c44681
_d44681